000 01567nam a22002897a 4500
005 20150122094855.0
008 140822b2014 ck ||||| ||||a00| 0 spa d
020 _a9789588576176
040 _aCO-BoIAVH
_cCO-BoIAVH
041 _aspa
044 _ack
082 0 4 _a333.95
_bL86a
100 1 _aLópez-Arévalo, Hugo F.
_925793
245 1 0 _aABC de la Biodiversidad
_cHugo Flórez-Arévalo ...(et al.)
260 _aBogotá
_bJardín Botánico José Celestino Mutis
_bUniversidad Nacional de Colombia, Facultad de Ciencias, Instituto de Ciencias Naturales
_c2014
300 _a185 p.
_bfot. (col)
_c24 cm.
490 _aBiblioteca José Jerónimo Triana, Colección Retratos de la Biodiversidad
_v28
504 _aIncluye referencias bibliográficas (pag. 165-184)
505 _aSección 1. Biodiversidad, conceptos y patrones (pag. 15) Que es la biodiversidad? Cuánta biodiversidad hay y dónde se encuentra? Midiendo la biodiversidad Biodiversidad y sociedades humanas en Colombia
505 _aSección 2. De la historia natural a la conservación de la biodiversidad (pag. 73) Recuento histórico: hacia el conocimiento de la biodiversidad en Colombia Causas de pérdida de biodiversidad Conservando la biodiversidad desde lo global a lo local Fuentes de información sobre la biodiversidad y la conservación
650 6 _aDiversidad biológica
_931886
650 6 _aMedio Ambiente
_931887
650 6 _aRecursos Naturales
_931888
700 1 _aMontenegro, Olga
_925797
700 1 _aLiévano-Latorre, Luisa F.
_925798
942 _2ddc
_cLIBRO
_01
999 _c8617
_d8617